Länder Afrikas nach Fläche (beliebige Reihenfolge) - Statistiken

Allgemein
  • Dieses Quiz wurde 8 mal gespielt
    5 seit der letzten Aktualisierung
  • Das Durchschnittsergebnis liegt bei 48 aus 54
Antwortstatistiken
Hint Antwort % Korrekt
1'001'450 km² Ägypten
100%
2'381'740 km² Algerien
100%
1'246'700 km² Angola
100%
28'051 km² Äquatorialguinea
100%
1'104'300 km² Äthiopien
100%
274'200 km² Burkina Faso
100%
27'830 km² Burundi
100%
2'344'858 km² Demokratische Republik Kongo
100%
117'600 km² Eritrea
100%
11'300 km² Gambia
100%
238'533 km² Ghana
100%
475'440 km² Kamerun
100%
4'033 km² Kap Verde
100%
587'041 km² Madagaskar
100%
716'550 km² Marokko
100%
824'292 km² Namibia
100%
1'267'000 km² Niger
100%
923'768 km² Nigeria
100%
342'000 km² Republik Kongo
100%
26'338 km² Ruanda
100%
752'618 km² Sambia
100%
196'722 km² Senegal
100%
455 km² Seychellen
100%
71'740 km² Sierra Leone
100%
637'657 km² Somalia
100%
1'219'090 km² Südafrika
100%
947'300 km² Tansania
100%
1'284'000 km² Tschad
100%
163'610 km² Tunesien
100%
241'038 km² Uganda
100%
622'984 km² Zentralafrikanische Republik
100%
112'622 km² Benin
75%
581'730 km² Botswana
75%
23'200 km² Dschibuti
75%
322'463 km² Elfenbeinküste
75%
17'364 km² Eswatini
75%
267'667 km² Gabun
75%
245'857 km² Guinea
75%
36'125 km² Guinea-Bissau
75%
580'367 km² Kenia
75%
2'235 km² Komoren
75%
30'355 km² Lesotho
75%
1'759'540 km² Libyen
75%
1'240'192 km² Mali
75%
1'030'700 km² Mauretanien
75%
2'040 km² Mauritius
75%
799'380 km² Mosambik
75%
964 km² São Tomé und Príncipe
75%
390'757 km² Simbabwe
75%
1'861'484 km² Sudan
75%
644'329 km² Südsudan
75%
56'785 km² Togo
75%
111'369 km² Liberia
50%
118'484 km² Malawi
50%
Keine übereinstimmenden Quizze gefunden
Verteilung der Resultate
Anzahl Personen mit jedem Resultat
Perzentil nach korrekt beantworteten Fragen
Ihre Resultats-Entwicklung
Sie haben dieses Quiz seit der letzten Aktualisierung nicht gespielt